Administrative leadership in Panchayati Raj: a case study of panchayat samithi in Andhra Pradesh (Record no. 10386)

MARC details
000 -LEADER
fixed length control field 00500nam a2200157Ia 4500
082 ## - DEWEY DECIMAL CLASSIFICATION NUMBER
Classification number TH.0038
100 ## - MAIN ENTRY--AUTHOR NAME
Personal name Hara Gopal, G.
245 #0 - TITLE STATEMENT
Title Administrative leadership in Panchayati Raj: a case study of panchayat samithi in Andhra Pradesh
260 ## - PUBLICATION, DISTRIBUTION, ETC. (IMPRINT)
Year of publication 1977
Name of publisher Kakatiya University
300 ## - PHYSICAL DESCRIPTION
Number of Pages 329p.+ C D - 36
650 ## - SUBJECT ADDED ENTRY--TOPICAL TERM
Topical Term PANCHAYAT - ANDHRA PRADESH
650 ## - SUBJECT ADDED ENTRY--TOPICAL TERM
Topical Term LEADERSHIP, RURAL - ANDHRA PRADESH
650 ## - SUBJECT ADDED ENTRY--TOPICAL TERM
Topical Term ANDHRA PRADESH - OFFICIALS AND EMPLOYEES
710 ## - ADDED ENTRY--CORPORATE NAME
Corporate name or jurisdiction name as entry element James, P.A.
942 ## - ADDED ENTRY ELEMENTS (KOHA)
Koha item type Thesis
Source of classification or shelving scheme Dewey Decimal Classification
Holdings
Withdrawn status Lost status Damaged status Not for loan Home library Current library Date acquired Full call number Accession Number Price effective from Koha item type
        NASSDOC Library NASSDOC Library 08/10/2004 TH.0038 12387 18/04/2019 Thesis